000 00453nam a22001697a 4500
999 _c16532
_d16532
003 OSt
005 20171005103826.0
008 171005b xxu||||| |||| 00| 0 eng d
020 _a9789966773274
040 _aKABU
_cKABU
050 _aPL8704
_b.K49K53 2008
100 _aKezilahabi, E.
245 _aKichwamaji
_cE. Kezilahabi
260 _aNairobi
_bVide-Muwa
_c2008
300 _a196 p.
942 _2lcc
_cBK
_hPL8704
_i.K49K53 2008